000 00786nam a22002057a 4500
999 _c20200
_d20200
003 AR-CdUCM
008 190527b ||||| |||| 00| 0 spa d
020 _a84-86732-75-1
040 _aMUNICIPALIDAD PROVINCIAL DEL CUSCO
_cBIBLIOTECA MUNICIPAL DEL CUSCO
082 _a912.611 /
_bE56
245 _aAtlas de anatomía
_bEl cuerpo y la salud
260 _aEspaña :
_bEgedsa,
_c1991.
300 _a112 páginas ;
_bIlustraciones a color
_c35 cm.
505 _aContenido : La evolución de las especies y el hombre -- El esqueleto de la cabeza -- Las glándulas endocrinas...
650 _aTeoría de la Evolución
_942218
650 _aLa evolución humana
_942219
650 _aDescripción topográfica del cuerpo humano
_942220
942 _2ddc
_cLIBROS
945 _aAndy
_d2019-05-27